Central Library OPAC University of Rajshahi

Uruguay / (Record no. 22144)

MARC details
000 -LEADER
fixed length control field 01013nam a22003011 4500
001 - CONTROL NUMBER
control field 22144
003 - CONTROL NUMBER IDENTIFIER
rucl marc code BD-RjUL
005 - DATE AND TIME OF LATEST TRANSACTION
control field 20211209000755.0
008 - FIXED-LENGTH DATA ELEMENTS--GENERAL INFORMATION
fixed length control field 140306s1957 enkab b 001 0 eng
035 ## - SYSTEM CONTROL NUMBER
System control number (BD-RjUL)22209
System control number (OCoLC)1879430
040 ## - CATALOGING SOURCE
Original cataloging agency DLC
Transcribing agency OClU
Modifying agency OCoLC
-- Uk
-- DLC
-- BD-RjUL
Language of cataloging eng
041 ## - LANGUAGE CODE
Language code of text/sound track or separate title eng
082 ## - DEWEY DECIMAL CLASSIFICATION NUMBER
Classification number 989.506
Author mark and year PEU 1957
100 1# - MAIN ENTRY--PERSONAL NAME
Personal name Pendle, George.
9 (RLIN) 68361
245 10 - TITLE STATEMENT
Title Uruguay /
Statement of responsibility, etc. George Pendle
250 ## - EDITION STATEMENT
Edition statement 2d ed.
260 ## - PUBLICATION, DISTRIBUTION, ETC. (IMPRINT)
Place of publication, distribution, etc. London ;
-- New York :
Name of publisher, distributor, etc. Oxford University Press,
Date of publication, distribution, etc. 1957.
300 ## - PHYSICAL DESCRIPTION
Pagination vi, 107 p. :
Illustrations ill., maps, tables. ;
Size 21 cm.
500 ## - GENERAL NOTE
General note "Issued under the auspices of the Royal Institute of International Affairs."
General note First ed. published in 1952 under title: Uruguay, South America's first welfare state.
504 ## - BIBLIOGRAPHY, ETC. NOTE
Bibliography, etc Bibliography: p. 99-105. and index.
651 #0 - SUBJECT ADDED ENTRY--GEOGRAPHIC NAME
Geographic name Uruguay
General subdivision Civilization.
9 (RLIN) 68362
Geographic name Uruguay
General subdivision Economic conditions
Chronological subdivision 1918-
9 (RLIN) 10180
942 ## - ADDED ENTRY ELEMENTS (KOHA)
Source of classification or shelving scheme Dewey Decimal Classification
Koha item type Books
Holdings
Lost status Source of classification or shelving scheme Damaged status Not for loan Collection code Permanent Location Current Location Shelving location Date acquired Source of acquisition Total Checkouts Full call number Date last seen Copy number Koha item type
  Dewey Decimal Classification   Added to bundle Non-fiction Central Library, University of Rajshahi Central Library, University of Rajshahi Reading Room 27/06/1961 Colombo plan   989.506 PEU 1957 06/03/2014 C-1 Books